Protagonistas de la historia tabaquera española (Record no. 175998)
[ view plain ]
| 000 -LEADER | |
|---|---|
| campo de control de longitud fija | 01145nam a22002655i 4500 |
| 001 - NÚMERO DE CONTROL | |
| campo de control | 175998 |
| 003 - IDENTIFICADOR DE NÚMERO DE CONTROL | |
| campo de control | ES-MaACL |
| 005 - FECHA Y HORA DE LA ÚLTIMA TRANSACCIÓN | |
| campo de control | 20230906215948.0 |
| 008 - DATOS DE LONGITUD FIJA--INFORMACIÓN GENERAL | |
| campo de control de longitud fija | 101209s2009 sp a |||| | spa d |
| 080 ## - NÚMERO DE LA CLASIFICACIÓN DECIMAL UNIVERSAL | |
| Número de la Clasificación Decimal Universal | 75.051(460)(083.824) |
| 080 ## - NÚMERO DE LA CLASIFICACIÓN DECIMAL UNIVERSAL | |
| Número de la Clasificación Decimal Universal | 658.3-057.17(083.824) |
| 245 00 - MENCIÓN DEL TÍTULO | |
| Título | Protagonistas de la historia tabaquera española |
| Resto del título | : galería de retratos de presidentes : 7 de mayo 2009, sede de Altadis, Eloy Gonzalo, 10 / |
| Mención de responsabilidad, etc. | [coordinación general, Miguel Ángel Martín Esteban ; coordinación, María Luisa Velasco López, Virginia Moreno Domínguez]. |
| 260 ## - PUBLICACIÓN, DISTRIBUCIÓN, ETC. | |
| Lugar de publicación, distribución, etc. | [Madrid] : |
| Nombre del editor, distribuidor, etc. | Dirección de Comunicación de Altadis, |
| Fecha de publicación, distribución, etc. | [2009] |
| 300 ## - DESCRIPCIÓN FÍSICA | |
| Extensión | 53, [1] p. : |
| Otras características físicas | il. col. ; |
| Dimensiones | 24 cm. |
| 610 24 - PUNTO DE ACCESO ADICIONAL DE MATERIA--NOMBRE DE ENTIDAD CORPORATIVA | |
| Nombre de entidad corporativa o nombre de jurisdicción como elemento de entrada | Tabacalera, S.A- |
| Subdivisión de forma | Historia. |
| 9 (RLIN) | 6901 |
| 650 #4 - PUNTO DE ACCESO ADICIONAL DE MATERIA--TÉRMINO DE MATERIA | |
| Término de materia o nombre geográfico como elemento de entrada | Pintura de retrato- |
| Subdivisión geográfica | España- |
| Subdivisión de forma | Exposiciones. |
| 9 (RLIN) | 144218 |
| 655 #7 - TERMINO DE INDIZACIÓN--GENERO/FORMA | |
| Fuente del término | tgfbne |
| 9 (RLIN) | 193628 |
| Datos o término principal de género/forma | Catálogos de exposiciones |
| 700 1# - ENTRADA AGREGADA--NOMBRE PERSONAL | |
| Nombre de persona | Martín Esteban, Miguel Ángel. |
| 9 (RLIN) | 144215 |
| 700 1# - ENTRADA AGREGADA--NOMBRE PERSONAL | |
| Nombre de persona | Velasco López, María Luisa. |
| 9 (RLIN) | 144216 |
| 700 1# - ENTRADA AGREGADA--NOMBRE PERSONAL | |
| Nombre de persona | Moreno Domínguez, Virginia. |
| 9 (RLIN) | 144217 |
| 710 2# - ENTRADA AGREGADA--NOMBRE DE ENTIDAD CORPORATIVA | |
| Nombre de entidad corporativa o nombre de jurisdicción como elemento de entrada | Altadis. |
| 9 (RLIN) | 172714 |
| 852 ## - LOCALIZACIÓN | |
| Ubicación | ES-MaACL |
| Número de control de estantería | 2272-F-15 |
| 942 ## - ELEMENTOS DE ENTRADA SECUNDARIOS (KOHA) | |
| Fuente del sistema de clasificación o colocación | Clasificación decimal universal |
| Estatus retirado | Estado de pérdida | Estado de daño | No para préstamo | Colección | Biblioteca de origen | Biblioteca actual | Ubicación en estantería | Fecha de adquisición | Fuente de adquisición | Total de préstamos | Signatura topográfica completa | Código de barras | Visto por última vez | Precio de reemplazo | Tipo de ítem Koha |
|---|---|---|---|---|---|---|---|---|---|---|---|---|---|---|---|
| Colección de folletos | Biblioteca del Ateneo de Madrid | Biblioteca del Ateneo de Madrid | Depósito folletos | 09/12/2010 | 2272-F-15 | 1184827 | 23/02/2023 | 23/02/2023 | Folleto |
